00381nam a2200157Ia 4500008004100000020001600041082001800057100001400075245003000089250000800119260002800127300000800155500002400163650001500187700002100202230524s9999 xx 000 0 und d a81740903004 a621.3821bVUR aS.N Verma 0aAutomatic Control Systems a5TH aNEW DELHIbKhannac2004 a502 aQuantity Number: 2 aElectrical aProf. B.S. Manke